000 00248nam a22001097a 4500
040 _cCL
100 _aMuhammad Hassan Askari
_9127805
245 _aTalism e Hoshruba
260 _aLahore
_bAlhamd Publications
300 _a316p.
942 _2ddc
_cBK
999 _c612818
_d612818